| 000 | 00436cam a2200169ua 4500 | ||
|---|---|---|---|
| 041 |
_aeng _h |
||
| 082 |
_a670 _bOST/MA |
||
| 100 | _aOstwald , Philip F . | ||
| 245 |
_amanufacturing processes and systems / _cPhilip F Ostwald. _hTextual Documents |
||
| 250 |
_a9 / _b. |
||
| 260 |
_aNew York : _bJohn Wiley & Sons , _c2005. |
||
| 300 | _a782 ; . | ||
| 504 | _a | ||
| 700 | 1 | _aMunoz, Jairo . | |
| 942 | _cBK | ||
| 999 |
_c13194 _d13194 |
||